Concrete Sustainability/ (Record no. 166450)
[ view plain ]
| 000 -LEADER | |
|---|---|
| fixed length control field | 00657nam a22001937a 4500 |
| 010 ## - LCCN (DPL NO) | |
| LC control number | ENG-126061 |
| 020 ## - INTERNATIONAL STANDARD BOOK NUMBER | |
| International Standard Book Number | 978-93-8546-286-3 |
| Terms of availability | 1195.00(hb) |
| 035 ## - SYSTEM CONTROL NUMBER | |
| System control number | EN-109593 |
| 037 ## - SOURCE OF ACQUISITION | |
| Source of stock number/acquisition | DBAD/PUB |
| 082 ## - DEWEY DECIMAL CLASSIFICATION NUMBER | |
| Classification number | 624.18340954 |
| 100 ## - MAIN ENTRY--PERSONAL NAME | |
| Personal name | Nayak,Narayan.V |
| 245 ## - TITLE STATEMENT | |
| Title | Concrete Sustainability/ |
| Statement of responsibility, etc | edited by Narayan V. Nayak and Anand Kumar Jain |
| 260 ## - PUBLICATION, DISTRIBUTION, ETC. (IMPRINT) | |
| Place of publication, distribution, etc | New delhi |
| Name of publisher, distributor, etc | Ane Books Pvt.Ltd. |
| 270 ## - ADDRESS | |
| Address | 4821,Parwana Bhawan,1st Floor24 Ansari Road, Darya Ganj |
| 300 ## - PHYSICAL DESCRIPTION | |
| Extent | 226p. |
| Other physical details | 24cm(hb) |
| 500 ## - GENERAL NOTE | |
| General note | its includes index and bibliography |
| 700 ## - ADDED ENTRY--PERSONAL NAME | |
| Personal name | Narayan V. Nayak and Anand Kumar Jain |
| 942 ## - ADDED ENTRY ELEMENTS (KOHA) | |
| Source of classification or shelving scheme | Dewey Decimal Classification |
| Item type | English Books |
| Classification part | 624.18340954 |
| Call number suffix | NAY |
| Withdrawn status | Lost status | Not for loan | Collection code | Home library | Current library | Date acquired | Source of acquisition | Cost, normal purchase price | Full call number | Barcode | Copy number | Cost, replacement price | Koha item type |
|---|---|---|---|---|---|---|---|---|---|---|---|---|---|
| Non-fiction | Ashok Vihar | Ashok Vihar | 24/07/2019 | DBAD/PUB | 1195.00 | 624.18340954 NAY | EN-109593 | 1 | 1195.00 | English Books |
